000 00643cam a22001935a 4500
001 L141420
008 071122s1960 xxk f 000 0deng d
035 _a(Sirsi) u141420
041 0 _aeng
050 0 4 _a920 $2 18
110 2 _aJ.P.Sturge and Sons
245 0 5 _aJ.P. Sturge & Sons of Bristol 1760-1960
_ba bicentenery memoir
260 _a[Bristol]
_bs.n.
_c[1960]
300 _a[7] p.
_c21 cm.
520 _aA history of the firm of J.P. Sturge. Includes a poem writtem by Mary Sturge in 1840: 'A voice of warning, or, the miseries of a land surveyor's wife'.
651 4 _aBristol
690 _aABOUT RICS-RICS MEMBERS
942 _n0
999 _c107653
_d107653